After Jesus : (Record no. 893)

MARC details
000 -LEADER
fixed length control field 00761cam a2200241 a 4500
005 - DATE AND TIME OF LATEST TRANSACTION
control field 20260322212038.0
008 - FIXED-LENGTH DATA ELEMENTS--GENERAL INFORMATION
fixed length control field data
010 ## - LIBRARY OF CONGRESS CONTROL NUMBER
LC control number 91008873
020 ## - INTERNATIONAL STANDARD BOOK NUMBER
International Standard Book Number 0895773929
020 ## - INTERNATIONAL STANDARD BOOK NUMBER
International Standard Book Number 9780895773920
040 ## - CATALOGING SOURCE
Original cataloging agency DLC
Transcribing agency DLC
Modifying agency DLC
043 ## - GEOGRAPHIC AREA CODE
Geographic area code aw-----
-- ff-----
-- aw-----
050 00 - LIBRARY OF CONGRESS CALL NUMBER
Classification number BR162.2
Item number .A34 1992
082 00 - DEWEY DECIMAL CLASSIFICATION NUMBER
Classification number 270.1
Edition information 20
092 ## - LOCALLY ASSIGNED DEWEY CALL NUMBER (OCLC)
Classification number 270.1 A34 1992
001 - CONTROL NUMBER
control field data
245 10 - TITLE STATEMENT
Title After Jesus :
Remainder of title the triumph of Christianity.
Statement of responsibility, etc. Reader's Digest NY.
260 ## - PUBLICATION, DISTRIBUTION, ETC.
Place of publication, distribution, etc. Plesantville, N.Y. :
Name of publisher, distributor, etc. Reader's Digest Association,
Date of publication, distribution, etc. c1992.
300 ## - PHYSICAL DESCRIPTION
Extent 352 p. :
Other physical details col. ill., maps ;
Dimensions 22 x 26 cm.
504 ## - BIBLIOGRAPHY, ETC. NOTE
Bibliography, etc. note Includes bibliographical references (p. 333-337) and index.
650 #0 - SUBJECT ADDED ENTRY--TOPICAL TERM
Topical term or geographic name entry element Church history
Chronological subdivision Primitive and early church, ca. 30-600.
720 2# - ADDED ENTRY--UNCONTROLLED NAME
Name Reader's Digest NY.
Holdings
Withdrawn status Lost status Damaged status Not for loan Home library Current library Shelving location Date acquired Total checkouts Full call number Barcode Date last seen Price effective from Koha item type
        Franklin Franklin General stacks 22/03/2026   270.1 20 BC0010921 22/03/2026 22/03/2026 Books